La Suisse pour les touristes... - Statistiques

Statistiques générales
  • Ce quiz a été pris 125 fois
    69 depuis la dernière actualisation
  • Le résultat moyen est 16 sur 20
Statistiques - réponses
Question Indice Réponses % Correct
Quelle sont les langues officielles ? Allemand
100%
Quelle sont les langues officielles ? Français
100%
Quelle sont les langues officielles ? Italien
98%
Le suffixe internet est ch
97%
La conduite se fait à droite ou à gauche ? Droite
93%
Dans la capitale y-a-t-il un décalage horaire avec Paris ? (oui/non) Non
93%
La vitesse est limitée sur autoroute à {120} km/h
87%
Quelles villes visiter ? B Berne
87%
Achats à faire 1/ Douceur cacaotée Chocolat
87%
Quelles villes visiter ? G Genève
87%
Quelle est la monnaie ? F Franc suisse
82%
Quelle sont les langues officielles ? Romanche
82%
Quelles autres langues sont répandues ? A Anglais
79%
Le taux d'alcoolémie toléré au volant est de {0.5} g/l
77%
Quelles villes visiter ? F Fribourg
69%
Quelles villes visiter ? B Bâle
67%
Achats à faire 3/ Normalement pour les vaches Cloche
61%
La religion majoritaire est C Catholicisme
54%
Achats à faire 2/ Couteau Victorinox
39%
Quelles villes visiter ? A Appenzell
13%
Aucun quiz correspondant
Distribution des résultats
% des personnes avec chaque résultat
Percentile par nombre de réponses
Votre historique - résultats
Vous n’avez pas pris ce quiz depuis la dernière actualisation